[Event "Roncana op-A 13th"]
[Site "Santa Eulalia de Roncana"]
[Date "2019.10.05"]
[Round "2"]
[White "Alvaro Hermosa, Ramon"]
[Black "Delgado Pico, Lluis"]
[Result "1/2-1/2"]
[WhiteElo "1793"]
[BlackElo "2009"]
[PlyCount "31"]
[EventDate "2019.09.28"]
[EventType "swiss"]
[EventRounds "8"]
[EventCountry "ESP"]
[SourceTitle "CBM 193 Extra"]
[Source "ChessBase"]
[SourceDate "2020.01.31"]
[SourceVersion "1"]
[SourceVersionDate "2020.01.31"]
[SourceQuality "1"]

1. e4 e6 2. d4 d5 3. Bd3 dxe4 4. Bxe4 Nf6 5. Bf3 c5 6. Ne2 Nc6 7. Be3 cxd4 8. Nxd4 Bd7 9. Nxc6 bxc6 10. 0-0 Qc7 11. Nc3 Be7 12. Nb5 Qb8 13. Nd4 Qc7 14. Nb5 Qb8 15. Nd4 Qc7 16. Nb5 1/2-1/2

[Event "Barcelona Sants op 21st"]
[Site "Barcelona"]
[Date "2019.08.23"]
[Round "1"]
[White "Morais Carreras, Javier"]
[Black "Alvaro Hermosa, Ramon"]
[Result "1-0"]
[WhiteElo "1939"]
[BlackElo "1711"]
[PlyCount "139"]
[EventDate "2019.08.23"]
[EventType "swiss"]
[EventRounds "10"]
[EventCountry "ESP"]
[SourceTitle "EXT 2020"]
[Source "ChessBase"]
[SourceDate "2019.10.17"]
[SourceVersion "1"]
[SourceVersionDate "2019.10.17"]
[SourceQuality "1"]

1. e4 e6 2. d3 c5 3. Nf3 Nc6 4. g3 g6 5. Bg2 Bg7 6. 0-0 Nge7 7. c3 e5 8. Be3 d6 9. Qd2 h6 10. Na3 Be6 11. d4 exd4 12. cxd4 Bg4 13. d5 Bxf3 14. Bxf3 Ne5 15. Be2 Qc8 16. Bb5+ Kf8 17. Be2 Kg8 18. Nb5 Qd7 19. f4 Ng4 20. Bxg4 Qxb5 21. Rab1 f5 22. exf5 Nxf5 23. Bxf5 gxf5 24. Qc2 Qd7 25. Rfe1 Kh7 26. Bf2 Rae8 27. g4 Rhf8 28. gxf5 Rxe1+ 29. Rxe1 Qxf5 30. Qxf5+ Rxf5 31. Re7 Rxd5 32. Rxb7 Rd1+ 33. Kg2 Rd2 34. Rxa7 Rxb2 35. Kf3 Kg6 36. f5+ Kf6 37. Bh4+ Kxf5 38. Rxg7 Rxh2 39. Bf2 Rh3+ 40. Bg3 Rh1 41. Bxd6 Ra1 42. Ra7 c4 43. a3 c3 44. Rc7 Rc1 45. Rc5+ Kg6 46. Bf4 Rc2 47. Rc6+ Kf5 48. Bxh6 Ke5 49. Be3 Kd5 50. Rc5+ Kd6 51. Ke4 Ke6 52. Kd3 Ra2 53. Rxc3 Kd5 54. Bg5 Ra1 55. Kc2 Rg1 56. Be3 Rg8 57. a4 Ra8 58. Kb3 Rb8+ 59. Ka3 Ra8 60. Bb6 Kd6 61. a5 Kd7 62. Ka4 Rc8 63. Rh3 Kc6 64. Rh6+ Kb7 65. Kb5 Rg8 66. Rh7+ Kb8 67. Ka6 Ka8 68. Ra7+ Kb8 69. Bc7+ Kc8 70. Ra8+ 1-0

[Event "Badalona Castella op-B 45th"]
[Site "Badalona"]
[Date "2019.08.08"]
[Round "7.10"]
[White "Alvaro Hermosa, Ramon"]
[Black "Gallego Montes, Antonio"]
[Result "1/2-1/2"]
[WhiteElo "1711"]
[BlackElo "1877"]
[PlyCount "46"]
[EventDate "2019.08.02"]
[EventType "swiss"]
[EventRounds "9"]
[EventCountry "ESP"]
[SourceTitle "EXT 2024"]
[Source "ChessBase"]
[SourceDate "2023.10.10"]
[SourceVersion "1"]
[SourceVersionDate "2023.10.10"]
[SourceQuality "1"]

1. e4 e6 2. d4 d5 3. Bd3 dxe4 4. Bxe4 Nf6 5. Bf3 c5 6. Ne2 Qb6 7. 0-0 Bd7 8. Be3 Bc6 9. dxc5 Bxc5 10. Bxc5 Qxc5 11. Qd3 Nbd7 12. Nbc3 Ne5 13. Bxc6+ Nxc6 14. Qg3 0-0 15. Rfd1 Nb4 16. a3 Nbd5 17. Rd4 Nxc3 18. Qxc3 Rac8 19. Qxc5 Rxc5 20. Nc3 Rfc8 21. Rad1 Kf8 22. Kf1 Ke7 23. f3 R8c7 1/2-1/2

[Event "Badalona Castella op-B 45th"]
[Site "Badalona"]
[Date "2019.08.03"]
[Round "2.3"]
[White "Alvaro Hermosa, Ramon"]
[Black "Sanz Ogaya, Mario"]
[Result "0-1"]
[WhiteElo "1711"]
[BlackElo "1921"]
[PlyCount "62"]
[EventDate "2019.08.02"]
[EventType "swiss"]
[EventRounds "9"]
[EventCountry "ESP"]
[SourceTitle "EXT 2024"]
[Source "ChessBase"]
[SourceDate "2023.10.10"]
[SourceVersion "1"]
[SourceVersionDate "2023.10.10"]
[SourceQuality "1"]

1. e4 c5 2. Nc3 g6 3. f4 Bg7 4. Nf3 e6 5. e5 Nh6 6. g3 0-0 7. Bg2 d6 8. 0-0 Nc6 9. exd6 Qxd6 10. Ne4 Qe7 11. d3 b6 12. Ne5 Bb7 13. g4 Nxe5 14. fxe5 Bxe4 15. Bxe4 Rad8 16. Qf3 Qh4 17. Bxh6 Qxh6 18. Qg3 Qg5 19. h4 Qxe5 20. Qxe5 Bxe5 21. Rab1 f5 22. Bf3 Bd6 23. Rbd1 Kf7 24. Kg2 Be7 25. Kh3 Bf6 26. b3 Rd4 27. Rd2 Re8 28. Re1 e5 29. Kg3 fxg4 30. Bxg4 a5 31. Bh3 Bxh4+ 0-1

[Event "Roncana op-A 12th"]
[Site "Santa Eulalia de Roncana"]
[Date "2018.11.17"]
[Round "7"]
[White "Alvaro Hermosa, Ramon"]
[Black "Ventos Alfonso, Alba"]
[Result "1-0"]
[WhiteElo "1654"]
[BlackElo "1802"]
[PlyCount "191"]
[EventDate "2018.09.29"]
[EventType "swiss"]
[EventRounds "8"]
[EventCountry "ESP"]
[SourceTitle "CBM 187 Extra"]
[Source "ChessBase"]
[SourceDate "2018.11.04"]
[SourceVersion "1"]
[SourceVersionDate "2018.11.04"]
[SourceQuality "1"]

1. c4 f5 2. g3 Nf6 3. Bg2 Nc6 4. Nc3 e6 5. Nf3 Be7 6. 0-0 0-0 7. b3 d6 8. d4 Qe8 9. Bb2 Bd8 10. e3 e5 11. d5 Nb8 12. e4 f4 13. Bc1 Qh5 14. Nd2 Bg4 15. f3 fxg3 16. hxg3 Bh3 17. b4 c6 18. Nb3 Na6 19. dxc6 Bb6+ 20. c5 dxc5 21. Be3 Nxb4 22. Bxc5 Rfd8 23. cxb7 Rab8 24. Qe2 Be6 25. Bxb6 axb6 26. Rad1 Qe8 27. Nb5 Qe7 28. a3 Bxb3 29. Rxd8+ Rxd8 30. axb4 Qxb4 31. Rc1 Be6 32. Nc7 Qe7 33. Qc2 Bd7 34. Na6 Qd6 35. b8Q Rxb8 36. Nxb8 Qxb8 37. Qc7 Qxc7 38. Rxc7 b5 39. Bf1 Kf8 40. Rb7 b4 41. Rxb4 Ke7 42. Rb7 Kd6 43. Kh2 Kc6 44. Rb1 Kc5 45. Rd1 Be6 46. Bh3 Bb3 47. Rd2 Kc6 48. Rb2 Bf7 49. Rb8 Kc7 50. Rf8 Bb3 51. Rc8+ Kd6 52. Ra8 Bc4 53. Ra7 g6 54. Ra8 Ke7 55. Kg2 Bd3 56. Kf2 Bc4 57. Ke3 Kd6 58. f4 exf4+ 59. gxf4 Ke7 60. Ra7+ Kf8 61. Kd4 Bg8 62. e5 Nh5 63. Ke4 Ng3+ 64. Kf3 Nf5 65. Bxf5 gxf5 66. Kg3 Bf7 67. Kh4 h6 68. Ra6 Kg7 69. e6 Be8 70. e7 Kf7 71. Ra7 Kf6 72. Kg3 Kf7 73. Kf3 Kf6 74. Ke3 h5 75. Kf3 Kg7 76. Kg3 Kf6 77. Kh4 Kg6 78. Ra6+ Kf7 79. Ra7 Kg6 80. Ra3 Kf6 81. Re3 Kg6 82. Re5 Kf6 83. Kg3 Kg6 84. Kf3 Kf6 85. Ke3 Kg6 86. Kd4 h4 87. Re3 Kh5 88. Ke5 Kg4 89. Re1 h3 90. Rg1+ Kf3 91. Kxf5 h2 92. Rh1 Kg2 93. Rxh2+ Kxh2 94. Ke6 Kg3 95. f5 Bb5 96. f6 1-0

[Event "Maresme op 14th"]
[Site "Maresme"]
[Date "2017.10.28"]
[Round "4"]
[White "Alvaro Hermosa, Ramon"]
[Black "Ribalta Bertran, Esteve"]
[Result "1/2-1/2"]
[WhiteElo "1573"]
[BlackElo "1776"]
[PlyCount "95"]
[EventDate "2017.09.30"]
[EventType "swiss"]
[EventRounds "9"]
[EventCountry "ESP"]
[SourceTitle "CBM 181 Extra"]
[Source "ChessBase"]
[SourceDate "2017.12.12"]
[SourceVersion "1"]
[SourceVersionDate "2017.12.12"]
[SourceQuality "1"]

1. c4 e5 2. g3 Nc6 3. Bg2 g6 4. Nc3 Bg7 5. d3 d6 6. Rb1 Nge7 7. b4 Nd4 8. e3 Ne6 9. Nge2 0-0 10. 0-0 Nf5 11. Nd5 c6 12. Ndc3 Ne7 13. Qb3 b6 14. Ba3 Bb7 15. b5 Nc5 16. Bxc5 dxc5 17. Rfd1 Qc8 18. Ne4 Rd8 19. N2c3 Qc7 20. bxc6 Bxc6 21. Nb5 Bxb5 22. Qxb5 Rab8 23. Nc3 Kf8 24. Nd5 Nxd5 25. Bxd5 Rd6 26. Rd2 Re8 27. Rbd1 f5 28. Qb3 Rf6 29. d4 cxd4 30. exd4 Bh6 31. Re2 e4 32. f3 f4 33. fxe4 fxg3 34. Qxg3 Qxg3+ 35. hxg3 Ke7 36. Rf1 Ref8 37. Rxf6 Rxf6 38. Kg2 Rf8 39. Rf2 Be3 40. Rxf8 Kxf8 41. Kf3 Bxd4 42. Kf4 Ke7 43. g4 Bc3 44. g5 Bd2+ 45. Kg4 h6 46. gxh6 Bxh6 47. e5 Bd2 48. Be4 1/2-1/2

[Event "Mataro Vinas Memorial-B 13th"]
[Site "Mataro"]
[Date "2017.06.17"]
[Round "8.4"]
[White "Puig Vila, Esteve"]
[Black "Alvaro Hermosa, Ramon"]
[Result "1/2-1/2"]
[WhiteElo "1550"]
[BlackElo "1582"]
[PlyCount "36"]
[EventDate "2017.04.22"]
[EventType "swiss"]
[EventRounds "8"]
[EventCountry "ESP"]
[SourceTitle "EXT 2024"]
[Source "ChessBase"]
[SourceDate "2023.10.10"]
[SourceVersion "1"]
[SourceVersionDate "2023.10.10"]
[SourceQuality "1"]

1. e4 e5 2. Nf3 Nc6 3. d4 exd4 4. Nxd4 Bc5 5. c3 Qf6 6. Be3 Nge7 7. Bb5 Bb6 8. 0-0 0-0 9. Re1 d5 10. Nxc6 bxc6 11. Bd3 Rd8 12. Qc2 d4 13. cxd4 Bxd4 14. Bxd4 Qxd4 15. Be2 Be6 16. Nc3 Qd2 17. Rac1 Qxc2 18. Rxc2 Rab8 1/2-1/2

[Event "Roncana op-B 10th"]
[Site "Santa Eulalia de Roncana"]
[Date "2016.09.24"]
[Round "1"]
[White "Fernandez Marin, Daniel"]
[Black "Alvaro Hermosa, Ramon"]
[Result "0-1"]
[WhiteElo "1684"]
[BlackElo "1422"]
[PlyCount "53"]
[EventDate "2016.09.24"]
[EventType "swiss"]
[EventRounds "8"]
[EventCountry "ESP"]
[SourceTitle "EXT 2018"]
[Source "ChessBase"]
[SourceDate "2017.10.13"]
[SourceVersion "1"]
[SourceVersionDate "2017.10.13"]
[SourceQuality "1"]

1. e4 e5 2. Nf3 Nc6 3. d4 exd4 4. Nxd4 Bc5 5. Be3 Qf6 6. c3 Nge7 7. Qd2 0-0 8. Bc4 Rd8 9. Nxc6 Qxc6 10. Bxc5 Qxc5 11. Qe2 d5 12. exd5 Nxd5 13. Bxd5 Qxd5 14. 0-0 Bf5 15. Na3 Bd3 16. c4 Bxe2 17. cxd5 Bxf1 18. Kxf1 Rxd5 19. Re1 Rad8 20. Nb1 Rd1 21. Nc3 Rxe1+ 22. Kxe1 a6 23. Nd5 Rxd5 24. Ke2 Kf8 25. Ke3 Ke7 26. Ke4 Rd2 27. b3 0-1

[Event "Llinars del Valles op-B 8th"]
[Site "Llinars del Valles"]
[Date "2015.05.09"]
[Round "5"]
[White "Garcia Cachinero, Jesus"]
[Black "Alvaro Hermosa, Ramon"]
[Result "1/2-1/2"]
[WhiteElo "1794"]
[BlackElo "1836"]
[PlyCount "37"]
[EventDate "2015.04.11"]
[EventType "swiss"]
[EventRounds "9"]
[EventCountry "ESP"]
[SourceTitle "EXT 2016"]
[Source "ChessBase"]
[SourceDate "2015.10.08"]
[SourceVersion "1"]
[SourceVersionDate "2015.10.08"]
[SourceQuality "1"]

1. e4 e5 2. Nf3 Nc6 3. c3 Nf6 4. d3 d5 5. Bg5 dxe4 6. Bxf6 gxf6 7. dxe4 Qxd1+ 8. Kxd1 Bc5 9. Ke1 f5 10. Nbd2 Be6 11. Bb5 f6 12. Bxc6+ bxc6 13. b4 Bb6 14. Nh4 fxe4 15. Nxe4 Kf7 16. Nf3 a5 17. a3 axb4 18. cxb4 Ra4 19. Nc3 1/2-1/2

[Event "Roncana op-C 8th"]
[Site "Santa Eulalia de Roncana"]
[Date "2014.11.29"]
[Round "7"]
[White "Garcia Gil, Oriol"]
[Black "Alvaro Hermosa, Ramon"]
[Result "1-0"]
[WhiteElo "1791"]
[BlackElo "1794"]
[PlyCount "67"]
[EventDate "2014.10.11"]
[EventType "swiss"]
[EventRounds "8"]
[EventCountry "ESP"]
[SourceTitle "EXT 2022"]
[Source "ChessBase"]
[SourceDate "2021.10.06"]
[SourceVersion "1"]
[SourceVersionDate "2021.10.06"]
[SourceQuality "1"]

1. e4 e5 2. Nf3 Nc6 3. Bc4 Bc5 4. 0-0 Nf6 5. Nc3 0-0 6. Re1 Re8 7. d3 d6 8. Ng5 Be6 9. Nd5 Bxd5 10. Bxd5 Nxd5 11. exd5 Nb8 12. Qh5 Qf6 13. Qxh7+ Kf8 14. Nf3 Qg6 15. Qxg6 fxg6 16. Be3 Bxe3 17. fxe3 Ke7 18. d4 e4 19. Ng5 Kf8 20. Ne6+ Kg8 21. Nxc7 Nd7 22. Nxa8 Rxa8 23. Rf1 Nb6 24. Rf4 Re8 25. Rg4 Kh7 26. Rg5 Nc4 27. Re1 Rf8 28. b3 Na3 29. c4 Nc2 30. Re2 Kh6 31. h4 Nb4 32. c5 Rd8 33. a3 dxc5 34. axb4 1-0

[Event "Roncana op-C 8th"]
[Site "Santa Eulalia de Roncana"]
[Date "2014.11.01"]
[Round "3"]
[White "Garcia Encinas, Jan"]
[Black "Alvaro Hermosa, Ramon"]
[Result "0-1"]
[WhiteElo "1760"]
[BlackElo "1794"]
[PlyCount "120"]
[EventDate "2014.10.11"]
[EventType "swiss"]
[EventRounds "8"]
[EventCountry "ESP"]
[SourceTitle "EXT 2016"]
[Source "ChessBase"]
[SourceDate "2015.10.08"]
[SourceVersion "1"]
[SourceVersionDate "2015.10.08"]
[SourceQuality "1"]

1. e4 e5 2. Nf3 Nc6 3. Nc3 Nf6 4. d4 exd4 5. Nxd4 Bb4 6. Bg5 d6 7. Bc4 0-0 8. 0-0 Re8 9. Bb5 Bxc3 10. bxc3 Bd7 11. Ba4 Nxd4 12. Qxd4 Bxa4 13. Qxa4 h6 14. Bh4 g5 15. Bg3 Nxe4 16. Qc4 Nd2 17. Qd5 Nxf1 18. Rxf1 Rb8 19. f4 Qe7 20. c4 Qe4 21. Qd2 Qe3+ 22. Rf2 Qxd2 23. Rxd2 Re4 24. Rf2 Re1+ 25. Rf1 Rxf1+ 26. Kxf1 Re8 27. f5 Re4 28. Bf2 a6 29. c5 Rf4 30. cxd6 cxd6 31. Kg1 Rxf5 32. Bb6 Rb5 33. Bd4 Rb1+ 34. Kf2 Rc1 35. c3 Ra1 36. Kg3 Rxa2 37. Bf6 Ra4 38. Be7 d5 39. Kf3 Kg7 40. Bc5 Rc4 41. Bd4+ Rxd4 42. cxd4 Kf6 43. Kg4 b5 44. Kf3 Kf5 45. g4+ Kg6 46. Ke2 h5 47. h3 hxg4 48. hxg4 f5 49. Kf3 fxg4+ 50. Kxg4 b4 51. Kf3 b3 52. Ke2 b2 53. Kd3 b1Q+ 54. Kc3 Qb5 55. Kd2 Qb3 56. Ke1 Qc2 57. Kf1 Kf5 58. Kg1 Kg4 59. Kf1 Kf3 60. Ke1 Qe2# 0-1

[Event "Roncana op-C 5th"]
[Site "Santa Eulalia de Roncana"]
[Date "2011.11.05"]
[Round "5"]
[White "Alvaro Hermosa, Ramon"]
[Black "Aparicio Casas, Pau"]
[Result "1-0"]
[WhiteElo "1700"]
[BlackElo "1700"]
[PlyCount "27"]
[EventDate "2011.10.01"]
[EventType "swiss"]
[EventRounds "8"]
[EventCountry "ESP"]
[SourceTitle "EXT 2013"]
[Source "ChessBase"]
[SourceDate "2012.11.22"]
[SourceVersion "1"]
[SourceVersionDate "2012.11.22"]
[SourceQuality "1"]

1. e4 e5 2. Nf3 Nf6 3. Nc3 Nc6 4. Bb5 Bb4 5. d3 d6 6. Bg5 0-0 7. 0-0 Bc5 8. Bxf6 Bxf2+ 9. Rxf2 gxf6 10. d4 Nxd4 11. Nxd4 Bg4 12. Qxg4+ Kh8 13. Nf5 h6 14. Qg7# 1-0

[Event "Roncana op-C 5th"]
[Site "Santa Eulalia de Roncana"]
[Date "2011.10.01"]
[Round "1"]
[White "Alvaro Hermosa, Ramon"]
[Black "Maria Oproae, Alex Maria"]
[Result "0-1"]
[WhiteElo "1700"]
[BlackElo "1787"]
[PlyCount "104"]
[EventDate "2011.10.01"]
[EventType "swiss"]
[EventRounds "8"]
[EventCountry "ESP"]
[SourceTitle "EXT 2013"]
[Source "ChessBase"]
[SourceDate "2012.11.22"]
[SourceVersion "1"]
[SourceVersionDate "2012.11.22"]
[SourceQuality "1"]

1. e4 e5 2. Nf3 Nc6 3. Bc4 Nf6 4. Ng5 d5 5. Bb5 Bd7 6. Nc3 d4 7. Nd5 Nxd5 8. exd5 Qxg5 9. dxc6 Bxc6 10. d3 Qxg2 11. Rf1 Bxb5 12. Qh5 Bb4+ 13. Bd2 Bxd2+ 14. Kxd2 0-0 15. Qxe5 a6 16. Rg1 f6 17. Qe7 Qxf2+ 18. Qe2 Qxe2+ 19. Kxe2 Rfe8+ 20. Kd2 c5 21. Rg3 Re3 22. Rxe3 dxe3+ 23. Kxe3 Re8+ 24. Kd2 Re5 25. c4 Bc6 26. Rg1 Rg5 27. Rf1 Rg2+ 28. Kd1 Rxb2 29. Rf5 Rxa2 30. Rxc5 Rxh2 31. d4 Rh5 32. Rxh5 Bf3+ 33. Kd2 Bxh5 34. d5 Kf7 35. Kd3 Ke7 36. c5 Kd7 37. Kd4 g5 38. d6 a5 39. Kd3 a4 40. Kc2 g4 41. Kc3 g3 42. Kd4 g2 43. Kd5 g1Q 44. Ke4 Bf7 45. Kf4 Qxc5 46. Kf3 a3 47. Ke2 a2 48. Kf3 a1Q 49. Ke2 Qcd4 50. Kf3 Qac3+ 51. Kg2 Qdd2+ 52. Kg1 Qcc1# 0-1